000 00890nam a22002297a 4500
003 NALT
005 20251125233011.0
008 s2549 th tha d
020 _a9749409442
040 _aNALT
041 _atha
050 _aDS578.32
_bท622ท 2549
100 0 _aญาดา อรุณเวช อารัมภีร
245 1 0 _aเทพรัตน์ทัศนา
260 3 _aกรุงเทพฯ :
_bเพื่อนดี,
_c2549
300 _a228 หน้า :
_bภาพประกอบ ;
_c21 ซม.
650 0 4 _aเทพรัตนราชสุดาฯ สยามบรมราชกุมารี, สมเด็จพระ
850 _aNALT
856 4 0 _uhttps://hdl.handle.net/20.500.14156/401772
942 _cGB
_2lcc
999 _c49319
_d49319
998 _j109
_k นางสาวอารีรัตน์ วิชาช่าง